000 01299nam a2200301 i 4500
003 CO-ViMGA
005 20230915224425.0
008 201201s2020 ck a br 000 0 spa d
020 _a9789585532298
040 _aCO-ViMGA
_bspa
_cCO-ViMGA
041 1 _hita
082 0 4 _a709.01
_bC66n
_222
100 1 _aCoppens, Yves
_d1934-
_eautor
_971980
245 1 3 _aEl nacimiento de las artes y lo sagrado /
_cnarra Yves Coppens ; ilustraciones de Sacha Gepner ; texto recopilado por Soizik Moreau ; traduccion del italiano Veronica Pachetti
250 _aEdicion especial
300 _a56 paginas
_bilustraciones
_c24 cm
490 0 _aPlan Nacional de Lectura y Escritura Leer es mi Cuento / Ministerio de Cultura
500 _aIncluye glosario al final del texto
534 _tLa nascita delle arti e del sacro
650 1 7 _2LEMB
_aArte rupestre
_xHistoria
_xLiteratura infantil
_9161751
650 1 7 _2LEMB
_aArte y mitologiĀ­a
_xLiteratura infantil
_9161752
650 1 7 _2LEMB
_aCivilizacion
_xHistoria
_xLiteratura infantil
_9161754
650 1 7 _2LEMB
_aUtensilios e implementos
_xHistoria
_xLiteratura infantil
_9161753
700 1 _aGepner, Sacha
_eilustrador
_9161755
700 1 _aMoreau, Soizik
_ecompilador
_9100621
700 1 _aPachetti, Veronica
_etraductora
_9161756
942 _2ddc
_cBK
999 _c9045
_d9045